Πληροφοριακά συστήματα για τη διοίκηση επιχειρήσεων

Αποθηκεύτηκε σε:
Λεπτομέρειες βιβλιογραφικής εγγραφής
Κύριος συγγραφέας: Οικονόμου, Γιώργος Σ.
Άλλοι συγγραφείς: Γεωργόπουλος, Νικόλαος Β.
Μορφή: Βιβλίο
Γλώσσα:Greek
Δημοσίευση: Αθήνα : Ευγ. Μπένου, 1995.
Έκδοση:2η έκδ.
Θέματα:
Ετικέτες: Προσθήκη ετικέτας
Δεν υπάρχουν, Καταχωρήστε ετικέτα πρώτοι!

MARC

LEADER 00000cam a2200000 i 4500
001 1/4392
008 000529s1995 gr | ||| |||| ||gre||
020 |a 9603590029 
035 |l 10061172 
040 |a GR-MyUA  |b gre  |e AACR2 
041 0 |a gre 
082 0 |a 658.403 
100 1 |a Οικονόμου, Γιώργος Σ. 
245 1 0 |a Πληροφοριακά συστήματα για τη διοίκηση επιχειρήσεων /   |c Γεώργιου Σ. Οικονόμου, Νικόλαου Β. Γεωργόπουλου.  
250 |a 2η έκδ.  
260 |a Αθήνα :   |b Ευγ. Μπένου,   |c 1995.  
300 |a τ. :   |b πίν., διαγρ. ;   |c 24 εκ.  
505 0 |a Τ. 1. Διοίκηση.  
650 0 0 |a Management information systems. 
700 1 |a Γεωργόπουλος, Νικόλαος Β. 
852 |a INST  |b CHIOS  |e 20001109  |h 658.403 ΟΙΚ  |p 005200017207  |q 005200017207  |t BK  |y 0  |z τ.1 
852 |a INST  |b CHIOS  |e 20000905  |h 658.403 ΟΙΚ  |p 005200017401  |q 005200017401  |t BK  |y 0  |z τ.1 
852 |a INST  |b CHIOS  |e 20000905  |h 658.403 ΟΙΚ  |p 005200017402  |q 005200017402  |t BK  |y 0  |z τ.1 
852 |a INST  |b CHIOS  |e 20000905  |h 658.403 ΟΙΚ  |p 005200017403  |q 005200017403  |t BK  |y 0  |z τ.1 
852 |a INST  |b CHIOS  |e 20000622  |h 658.403 ΟΙΚ  |p 005200017958  |q 005200017958  |t BK  |y 0  |z τ.1 
852 |a INST  |b CHIOS  |e 20000906  |h 658.403 ΟΙΚ  |p 005200018461  |q 005200018461  |t BK  |y 0  |z τ.1 
852 |a INST  |b CHIOS  |e 20001109  |h 658.403 ΟΙΚ  |p 005200017207  |q 005200017207  |t BK  |v τ.1:  |y 0  |z τ.1 
852 |a INST  |b CHIOS  |e 20000905  |h 658.403 ΟΙΚ  |p 005200017401  |q 005200017401  |t BK  |v τ.1:  |y 0  |z τ.1 
852 |a INST  |b CHIOS  |e 20000905  |h 658.403 ΟΙΚ  |p 005200017402  |q 005200017402  |t BK  |v τ.1:  |y 0  |z τ.1 
852 |a INST  |b CHIOS  |e 20000905  |h 658.403 ΟΙΚ  |p 005200017403  |q 005200017403  |t BK  |v τ.1:  |y 0  |z τ.1 
852 |a INST  |b CHIOS  |e 20000622  |h 658.403 ΟΙΚ  |p 005200017958  |q 005200017958  |t BK  |v τ.1:  |y 0  |z τ.1 
852 |a INST  |b CHIOS  |e 20000906  |h 658.403 ΟΙΚ  |p 005200018461  |q 005200018461  |t BK  |v τ.1:  |y 0  |z τ.1 
852 |a INST  |b LESVOS  |e 20010125  |h 658.403 ΟΙΚ  |p 005100029225  |q 005100029225  |t BK  |y 0  |z τ.1 
852 |a INST  |b LESVOS  |e 20010125  |h 658.403 ΟΙΚ  |p 005100029225  |q 005100029225  |t BK  |v τ.1:  |y 0  |z τ.1 
852 |a INST  |b RHODES  |e 20010329  |h 658.403 ΟΙΚ  |p 005400017061  |q 005400017061  |t BK  |y 0  |z τ.1 
852 |a INST  |b RHODES  |e 20010329  |h 658.403 ΟΙΚ  |p 005400017061  |q 005400017061  |t BK  |v τ.1:  |y 0  |z τ.1 
852 |a INST  |b SAMOS  |e 20000529  |h 658.403 ΟΙΚ  |p 005300018016  |q 005300018016  |t BK  |y 0  |z τ.1 
852 |a INST  |b SAMOS  |e 20010404  |h 658.403 ΟΙΚ  |p 005300021104  |q 005300021104  |t BK  |y 23  |z τ.1 
852 |a INST  |b SAMOS  |e 20000529  |h 658.403 ΟΙΚ  |p 005300018016  |q 005300018016  |t BK  |v τ.1:  |y 0  |z τ.1 
852 |a INST  |b SAMOS  |e 20010404  |h 658.403 ΟΙΚ  |p 005300021104  |q 005300021104  |t BK  |v τ.1:  |y 23  |z τ.1 
853 |a INST  |b CHIOS  |h 658.403 ΟΙΚ 
853 |a INST  |b LESVOS  |h 658.403 ΟΙΚ 
853 |a INST  |b RHODES  |h 658.403 ΟΙΚ 
853 |a INST  |b SAMOS  |h 658.403 ΟΙΚ 
901 |a BIBL3-2001-1 
901 |a BIBL2-2000-2 
901 |a BIBL3-2000-2 
901 |a BIBL4-2001-1 
920 |a ΤΜΗΜΑ ΝΑΥΤΙΛΙΑΣ ΚΑΙ ΕΠΙΧΕΙΡΗΜΑΤΙΚΩΝ ΥΠΗΡΕΣΙΩΝ  |y Χίος  |z 2000-03 
920 |a ΤΜΗΜΑ ΔΙΟΙΚΗΣΗΣ ΕΠΙΧΕΙΡΗΣΕΩΝ  |y Χίος  |z 2000-02 
970 |a ΜΑΛΑΓΑΡΗ  |b ΦΩΤΕΙΝΗ  |z 2001/04/04